00369nam a2200109Ia 4500008004100000245010000041260003500141260000900176300000900185650001300194856005200207170516s9999 xx 000 0 und d aAlhagi maurorum Flower Extract Mediated Novel Synthesis of Gold Nanoparticles Sehrawat R. Anita bAsian Journal of Pharmaceutics c2017 a11:1 xPharmacy uhttp://www.asiapharmaceutics.info/index.php/ajp